000 00472cam a2200181ua 4500
001 1760
008 190401n1970 II |||gr||||Z||||||eng
040 _aMAIN
041 _aEnglish
100 _aTWAIN, MARK.
245 _aTHE ADVENTURES OF HUCKBBERRY FINN : MARK TWAIN
250 _a1ST.
260 _aNEW YORK
_bHOLT,RINEHART AND WINSTON
_c1970
300 _a293.:
_c20CM.
700 _aTWAIN, MARK.,
_eAUTHOR.
700 _aLIONELL TRILLING,
_eINTRODUCTOR.
942 _cBK
999 _c1758
_d1758